000 01882cab a2200421 4500
001 ABS68484
008 041105n2004 000 0 eng u
035 _a(Sirsi) u127909
100 _aPetrides, C.
245 _aInternational
260 _c2004
490 _aWastes Management
_vOctober 2004, 24-35(11)
520 _aSeries of articles on international waste markets. "Global markets" asks which UK waste management companies are taking advantage of the potential available in global markets. "Out with the old..." looks at vacuum refuse collection systems in Seville, Spain. "Waste management forges ahead in Ireland" examines how Ireland has produced new regulations to deal with its major waste problem. "ISWA's gone to Iceland" provides an overview of Iceland's waste operations. "Landfill eliminated" describes how Israel has almost eliminated waste sent to landfill in Tel Aviv. "Cooking Brazil" looks at how one Brazilian company spotted an opportunity in the US for providing a household commodity - charcoal briquettes - in Brazil. The final article "On top of the world" looks at the work of a Nepalese student working to improve problems with landfill in Nepal.
590 _aABS
650 _aGLOBAL MARKET
650 _aUNITED KINGDOM
650 _aSPAIN
650 _aIRELAND
650 _aICELAND
650 _aISRAEL
650 _aBRAZIL
650 _aUNITED STATES
650 _aNEPAL
650 _aWASTE MANAGEMENT COMPANIES
650 _aREFUSE COLLECTION
650 _aWASTE INDUSTRY
650 _aWASTE MINIMISATION
650 _aLANDFILL SITES
650 _aLAND CONTAMINATION
690 _aENVIRONMENTAL AND LAND CONSULTANCY-WASTE MANAGEMENT
700 _aBenfield, T.
700 _aStiles, D.
700 _aGreedy, D.
700 _aFinstein, M.
700 _aLengning, D.
700 _aWood, B.
942 _n0
999 _c74592
_d74592